00605nam a22001937a 450000500170000000800410001702000180005804000210007604100080009708200160010510000250012124501370014625000120028326000370029530000100033265000160034270000260035870000270038420260515115018.0240302b ||||| |||| 00| 0 eng d a9789381139790 aIN-DiNCcIN-DiNC deng a677.39bZET aZethner, Oleeauthor aIndian ways of Silk:bPrecious threads of bridging India's past, present and future/cby Ole Zethner, Rie Koustrup and Dilip Barooah a2nd ed. aGuwahati:bBhabani books,c2014. a128p. aSericulture aKoustrup, Rieeauthor aBarooah, Dilipeauthor